Marktforschung Methodische Grundlagen und praktische Anwendung

Salvato in:
Dettagli Bibliografici
Autore principale: Berekoven, Ludwig
Altri autori: Eckert, Werner
Natura: Libro
Lingua:tedesco
Pubblicazione: Wiesbaden Gabler 1993
Edizione:6. aktual. Aufl.
Soggetti:
Tags: Aggiungi Tag
Nessun Tag, puoi essere il primo ad aggiungerne!!

MARC

LEADER 00000nam a2200000 4500
001 c006253
005 20221206074732.6
020 |a 3-409-36987-2 
041 0 |a ger 
044 |a DE 
245 1 0 |a Marktforschung  |b Methodische Grundlagen und praktische Anwendung  |c Ludwig Berekoven, Werner Eckert 
250 |a 6. aktual. Aufl. 
264 1 |a Wiesbaden  |b Gabler  |c 1993 
300 |a 407 s. 
610 2 0 |a marketing 
610 2 0 |a politika cenová 
610 2 0 |a informácie 
610 2 0 |a analýza trhu 
610 2 0 |a distribúcia 
610 2 0 |a trh 
610 2 0 |a výskum trhu 
610 2 0 |a spracovanie dát 
610 2 0 |a prognózy 
610 2 0 |a komunikácia 
100 1 |a Berekoven, Ludwig 
700 1 |a Eckert, Werner